Floor coverings for historic buildings : a guide to selecting reproductions /

Bibliographic Details
Main Author: Von Rosenstiel, Helene
Other Authors: Winkler, Gail Caskey
Format: Book
Language:English
Published: Washington, D.C. : Preservation Press, [1988]
Subjects:

MARC

Tag First Indicator Second Indicator Subfields
LEADER 00000cam a2200000 a 4500
001 in00000032319
005 20151007060456.0
008 870805s1988 dcua bc 00010 eng
010 |a  87022310  
020 |a 0891331301 :  |c $12.95 
035 |a (OCoLC)16646934 
035 |9 AAC0940AM 
040 |a DLC  |c DLC  |d TXA  |d UtOrBLW 
049 |a TXAM  |c [A10937785] 
050 0 0 |a NK2115.5.F55  |b V66 1988 
082 0 |a 747/.4  |2 19 
100 1 |a Von Rosenstiel, Helene. 
245 1 0 |a Floor coverings for historic buildings :  |b a guide to selecting reproductions /  |c Helene Von Rosenstiel, Gail Caskey Winkler. 
264 1 |a Washington, D.C. :  |b Preservation Press,  |c [1988] 
264 4 |c ©1988 
300 |a 283 pages :  |b illustrations ;  |c 25 cm. 
336 |a text  |b txt  |2 rdacontent 
337 |a unmediated  |b n  |2 rdamedia 
338 |a volume  |b nc  |2 rdacarrier 
504 |a Bibliography: pages 277-280. 
650 0 |a Floor coverings  |x Catalogs. 
700 1 |a Winkler, Gail Caskey. 
999 |a MARS 
999 f f |s be62ae3d-699c-3395-a913-8a94abe33333  |i 52c49e28-8a1f-33d2-8e84-add23ffe931f  |t 0 
952 f f |p normal  |a Texas A&M University  |b College Station  |c Sterling C. Evans Library  |d Evans: Library Stacks  |t 0  |e NK2115.5.F55 V66 1988  |h Library of Congress classification  |i unmediated -- volume  |m A14810937785 
998 f f |a NK2115.5.F55 V66 1988  |t 0  |l Evans: Library Stacks